000 00866nam a2200301Ia 4500
001 dia_5874
003 CHAP
005 20251021160723.0
008 220117s2014 xx 000 0 und d
010 _a177060
020 _a978-612-304-198-4
040 _cCHAP
082 _a664.752 I85 2014
100 _aIsique Huaroma, Julio
_9160070
245 _aManual de panificación /
_c Julio Isique Huaroma
260 _aPerú :
_b Macro,
_c2014
300 _a103 p.
440 _aCrea tu propia microempresa. Industria alimentaria
_9160071
590 _aTX683 I85 2014
650 _aBaked goods
_9149327
650 _aLoaves
_9159708
650 _aPan
_985041
650 _aProductos horneados
_9149328
901 _a664.752 I85 2014
902 _aA
905 _a5232272014 pe ain 8222223322spa16
942 _cLIBRO
_2ddc
999 _c177060
_d177060